000 00496nam a2200145 4500
001 3703
005 20181127171826.0
090 0 0 _a248.533 H239g 2011
100 0 0 _aHanh, Thich Nhat.
245 0 0 _aA guide to walking meditation /
_b
_cThich Nhat Hanh; edited by Joseph Bobrow.
_h
260 0 0 _aTaipei, Taiwan :
_bThe Corporate Body of the Buddha Educational Foundation,
_c2011.
300 0 0 _a28 p. ; 21 cm.
500 0 0 _a"Translated from the Vietnamese by Anh Huong"
650 0 0 _aMeditation --Buddhism.
_x
999 _c3026
_d3026